| 000 | 01028nam a2200289 a 4500 | ||
|---|---|---|---|
| 001 | 000032098 | ||
| 003 | DO-SdBNP | ||
| 005 | 20240408202836.0 | ||
| 007 | ta | ||
| 008 | 110712s200u dr 000 0 spa d | ||
| 020 | _a9945130005 | ||
| 040 |
_aDO-SdBNP _bspa _cBNPHU |
||
| 082 | 4 |
_aRD862.44 _bD249n _222 |
|
| 100 | 1 |
_aLeón David _d1945- _984930 |
|
| 245 | 1 | 3 |
_aLa noche de los escombros : comedia dramática en un acto _bEl sueño de arlequín : monólogo / _cLeón David. |
| 260 |
_a[Santo Domingo] : _bMediabyte, _c[200?] |
||
| 300 |
_a67 p. ; _c22 cm. |
||
| 501 | _aEncuadernado con: El sueño de Arlequín comedia dramática en un acto | ||
| 563 | _aDos obras publicadas juntas con paginación continua | ||
| 590 | _aInventariado 2021 / MF | ||
| 650 | 4 |
_aTeatro dominicano _980342 |
|
| 650 | 0 |
_aDrama dominicano _928197 |
|
| 650 | 4 |
_aLiteratura dominicana _980343 |
|
| 700 | 1 |
_aDavid, León, _cEl sueño de Arlequín : monólogo _958218 |
|
| 910 | _aMFeliz/Validado. Control de calidad MFF | ||
| 942 |
_2ddc _cLBS1 |
||
| 999 |
_c31589 _d31589 |
||